000 01054nam a2200289Ia 4500
005 20220317000718.0
008 160601s2000 ag a g 000 0 spa
020 _a9501114139
082 0 4 _a551.21
_bR69v
100 1 _aRoyston, Angela
245 1 0 _aVolcanes
_bcráteres y ríos de lava
_ctextos de Ángela Royston ; ilustraciones de Piers Harper y Tony Kenyon ; versión en español de Agustina Oliden
250 _a1a. edición
300 _a17 páginas
_bilustrador
_c20 cm
490 _aApuntes
500 _aIncluye glosario e índice alfabético
650 1 4 _2LEMB
_aVolcanes
_xEnseñanza elemental
650 1 4 _2LEMB
_aVulcanismo
_xEnseñanza elemental
700 1 _aHarper, Piers
_eilustrador
_953144
700 1 _aKenyon, Tony
_eilustrador
_911820
700 1 _aOliden, Agustina
_etraductora
_953145
942 _2ddc
_cBK
264 _aBuenos Aires
_bSigmar
_c2000
336 _atexto
_btxt
_2rdacontent
337 _asin mediación
_bn
_2rdamedia
338 _avolumen
_bnc
_2rdacarrier
040 _aCO-BoRNBP
_bspa
_erda
_cCO-BoRNBP
999 _c4844
_d4844